| 000 | 004510000a22001810004500 | ||
|---|---|---|---|
| 003 | MACL | ||
| 005 | 20150818133233.0 | ||
| 008 | 150818b xxu||||| |||| 00| 0 eng d | ||
| 040 |
_aMACL _cMACL |
||
| 041 | _aEnglish | ||
| 082 | _a571.8/COR | ||
| 100 |
_aCorrea, Sonia _96052 |
||
| 245 | _aPopulation and Reproductive Rithts | ||
| 260 |
_bKali For Women _c1994 _a New Delhi |
||
| 350 | _a160 | ||
| 650 |
_aLife Science _96053 |
||
| 942 |
_cBK _k571.8 _2ddc |
||
| 999 |
_c2690 _d2690 |
||